000 00446nam a2200193Ia 4500
005 20250423094844.0
008 250422s9999 xx 000 0 und d
020 _a321-31532-4
050 _aQC 23.2 .H488/
100 _aHewitt, Paul G.
245 0 _aConceptual physics
250 _a10th ed.
260 _aSan Francisco
260 _bPearson Addison Wesley
260 _c2006.
300 _a788 p
650 _aphysics
942 _cBK
999 _c28502
_d28502